000 01995nam a2200241Ia 4500
000 02327naaa 00289uu
001 https://directory.doabooks.org/handle/20.500.12854/34166
005 20260218105758.0
008 211013s9999 xx 000 0 und d
020 _a9781003029489
024 _a10.4324/9781003029489
042 _adc
245 0 _aJob's Body and the Dramatised Comedy of Moralising
260 _bTaylor & Francis
_c2021
300 _a1 electronic resource (202 p.)
520 _aThis book focuses on the expressions used to describe Job's body in pain and on the reactions of his friends to explore the moral and social world reflected in the language and the values that their speeches betray. A key contribution of this monograph is to highlight how the perspective of illness as retribution is powerfully refuted in Job's speeches and, in particular, to show how this is achieved through comedy. Comedy in Job is a powerful weapon used to expose and ridicule the idea of retribution. Rejecting the approach of retrospective diagnosis, this monograph carefully analyses the expression of pain in Job focusing specifically on somatic language used in the deity attack metaphors, in the deity surveillance metaphors and in the language connected to the body and social status. These metaphors are analysed in a comparative way using research from medical anthropology and sociology which focuses on illness narratives and expressions of pain. Job's Body and the Dramatised Comedy of Moralising will be of interest to anyone working on the Book of Job, as well as those with an interest in suffering and pain in the Hebrew Bible more broadly.
540 _aCreative Commons
653 _aAncient history
700 1 _aSouthwood, Katherine E.
856 _uhttps://docs.google.com/spreadsheets/d/1yKIrdCPDAG_9c22mwoOIO2DOhtj65Wqa/edit?usp=sharing&ouid=106555315294820607512&rtpof=true&sd=true
_yList of Curated E-Books
942 _cE-BOOK
999 _c48911
_d48911